000 00476nam a2200181Ia 4500
001 19553
005 20260306172701.0
008 260306t2012||||xx |||||||||||||| ||spa||
041 _aESP
082 _a340.4
_bG68 T. 1
100 _aGonzales Ojeda, Magdiel (ed.)
_eAUT
245 0 _aDerecho y literatura:
_btrabajos en homenaje al doctor Iván Rodríguez Chávez
260 _c2012
300 _a
_c25 cm.
650 _aGEN
654 _aCDE
942 _cLIB
_dJUS
_fJUS
_2ddc
_n
999 _c19553
_d19553